| 000 | 00527nam a22002057a 4500 | ||
|---|---|---|---|
| 003 | OSt | ||
| 005 | 20140310182824.0 | ||
| 008 | 130525t xxu||||| |||| 00| 0 eng d | ||
| 020 | _a9788171394456 | ||
| 050 |
_aQA 402.35 _b.P189 2011 |
||
| 082 |
_aM 026 _bP189 2011 |
||
| 245 |
_aNew trends in Information Sciences _cPandey, Raghunath |
||
| 260 |
_aNew Delhi _bP & D _cc2011 |
||
| 300 |
_a302 p. _c22 cm. |
||
| 521 | _aCollege Students | ||
| 526 | _c1210L-1700L | ||
| 541 | _j1 | ||
| 562 | _e1 | ||
| 942 |
_2lcc _cBK _kM |
||
| 999 |
_c16454 _d16454 |
||